| 000 | 00726nam a2200289Ia 4500 | ||
|---|---|---|---|
| 005 | 20260324140459.0 | ||
| 008 | 008 260324s9999 xx 000 0 eng d | ||
| 020 | _a9781410603401 | ||
| 037 | _aEBOOK | ||
| 040 | _aCRL | ||
| 040 | _beng | ||
| 040 | _cCRL | ||
| 041 | _2eng | ||
| 041 | _aeng | ||
| 084 | _qCRL | ||
| 100 |
_aRichard G. Tedeschi; Crystal L. Park; Lawrence G. Calhoun _91204547 |
||
| 245 | 0 | _aPosttraumatic Growth | |
| 245 | 0 | _bPositive Changes in the Aftermath of Crisis | |
| 260 | _bTaylor and Francis | ||
| 260 | _c1998 | ||
| 365 | _a | ||
| 365 | _b220 | ||
| 856 | _uhttp://www.taylorfrancis.com/books/9781410603401 | ||
| 942 | _cEBOOK | ||
| 999 |
_c1806686 _d1806686 |
||